00318pab a2200121 454500008004000000100001800040245006800058260000900126300001100135362000900146650002400155773001700179180718b1985 xxu||||| |||| 00| 0 eng d aVaggi, Gianni aA physiocratic model of relative prices and income distribution c1985 a928-47 aDec. aIncome Distribution aEconomic Jr.